Т. 20, № 1; Обработка металлов (технология, оборудование, инструменты)

Dades bibliogràfiques
Parent link:Обработка металлов (технология, оборудование, инструменты): научно-технический и производственный журнал. Т. 20, № 1.— , 2001-2004, 2017-
Idioma:rus
Publicat: 2018
Format: MixedMaterials Llibre
KOHA link:https://koha.lib.tpu.ru/cgi-bin/koha/opac-detail.pl?biblionumber=577074

MARC

LEADER 00000nam2a2200000 4500
001 577074
005 20231101130401.0
035 |a (RuTPU)RU\TPU\prd\276306 
090 |a 577074 
100 |a 20180403a19999999k y0rusy50 ca 
101 0 |a rus 
102 |a RU 
200 0 |a Т. 20, № 1 
210 |d 2018 
461 1 |0 (RuTPU)RU\TPU\prd\1185  |t Обработка металлов (технология, оборудование, инструменты)  |o научно-технический и производственный журнал  |v Т. 20, № 1  |d 2001-2004, 2017- 
801 0 |a RU  |b 63413507  |c 20010227  |g PSBO 
801 1 |a RU  |b 63413507  |c 20180403 
801 2 |a RU  |b 63413507  |c 20230522  |g RCR 
942 |c BK 
999 |a НТБ_ТПУ  |b НФ  |e -1/20180109  |p П-9224  |u 0,00  |v 1